| 000 | 00588nam a2200241Ia 4500 | ||
|---|---|---|---|
| 008 | 171120s9999 xx 000 0 und d | ||
| 020 | _a1577489853 | ||
| 050 | _a220.3 | ||
| 050 | _bD637 2000 | ||
| 100 | _aDockrey, Karen | ||
| 245 | 4 | _aThe student bible dictionary / | |
| 245 | _cby Karen Dockrey, Johnnie Godwin and Phyllis Godwin. | ||
| 260 | _aUSA : | ||
| 260 | _bBarbour, | ||
| 260 | _c2000 | ||
| 300 | _a254 pages : | ||
| 300 | _bcolor illustration ; | ||
| 300 | _c22cm. | ||
| 650 | _aBible -- | ||
| 650 | _aBible. | ||
| 650 | _xDictionaries. | ||
| 700 | _aTitle. | ||
| 999 |
_c345438 _d345438 |
||